000 01138cam a2200229 4500
001 WB3809-26
008 020304n2002 000 0 eng u
035 _a(Sirsi) u116971
245 _aStamp duty exemption for disadvantaged areas
260 _c2002
490 _aRICS News Service
_v28 February 2002 (1)
520 _aFollowing the recent submission to the Inland Revenue, RICS has been invited to discuss its views on the recently introduced stamp duty exemption in the UK's 2000 most disadvantaged areas. Likely topics of discussion include, the impacts on regeneration, possible scope of the exemption and potential resource implications on the Valuation Office Agency. For further information contact David Melhuish on t +44 (0)20 7695 1535 or e [email protected] Full text of the submission: http://www.rics.org/ricscms/bin/show?class=Policy&template=/includes/showpolicy.html&id=667
590 _aWB
650 _aSTAMP DUTY
650 _aEXEMPTION
650 _aINLAND REVENUE
650 _aRICS
650 _aVALUATION OFFICE AGENCY
650 _aDISADVANTAGED AREAS
690 _aREGENERATION
942 _n0
999 _c69674
_d69674